01218nam a22003137a 450000500170000000800410001702000180005804000250007604100080010104400070010908200170011610000220013324503130015526000530046830000440052150400490056565000340061465000100064865000260065865000180068465000430070270000260074570000260077170000210079770000190081870000200083770000220085770000250087920171129020002.0140331s2011 ck ab gr|||| 000 0dspa d a9789587199833 aCO-BoIAVHcCO-BoIAVH0 aspa ack04a638.13bG51g1 aGiraldo, Catalina10aGuía ilustrada de polen y plantas nativas visitadas por abejabCundinamarca, Boyacá, Santander, Sucre, Atlántico y Sierra Nevada de Santa Marta, ColombiacCatalina Giraldo, Ángela Rodríguez, Fermín J. Chamorro, Diana Obregón, Paula Montoya, Nedy Ramírez, Víctor Solarte, Guiomar Nates-Parra3 aBogotábUniversidad Nacional de Colombiac2011 a230 p.bil., fot., mapas, tablasc22 cm aIncluye bibliografía (páginas 225 y 226) 4aAbejasx Hábitos y conducta 4aPolen 4aApiculturaz Colombia 4aPalinología 4aPlantasx Fichas técnicasz Colombia1 aRodríguez, Ángela1 aChamorro, Fermín J.1 aObregón, Diana1 aMontoya, Paula1 aRamírez, Nedy1 aSolarte, Víctor1 aNates-Parra, Guiomar